| 000 | 01269cam a22003614a 4500 | ||
|---|---|---|---|
| 999 |
_c523552 _d523552 |
||
| 001 | 13295318 | ||
| 003 | NUST | ||
| 005 | 20190426133904.0 | ||
| 008 | 030730s2004 nyua 000 0 eng | ||
| 010 | _a 2003017221 | ||
| 020 | _a0811215520 | ||
| 038 | _a0 | ||
| 040 |
_aDLC _cDLC _dDLC |
||
| 041 | 1 |
_aeng _hchi |
|
| 042 | _apcc | ||
| 050 | 0 | 0 |
_aPL2749.C8 _bW413 2004 |
| 082 | 0 | 0 |
_a895.1/352 _222 |
| 100 | 1 |
_aQian, Zhongshu, _d1910-1998. _914180 |
|
| 240 | 1 | 0 |
_aWei cheng. _lEnglish |
| 245 | 1 | 0 |
_aFortress besieged = _b[Wei cheng] / _cBy Qian Zhongshu ; translated by Jeanne Kelly and Nathan K. Mao, with a foreword by Jonathan Spence. |
| 246 | 3 | 1 | _aWei cheng |
| 260 |
_aNew York : _bNew Directions, _c2004. |
||
| 300 |
_axiii, 395 p. : _bill. ; _c23 cm. |
||
| 490 | 1 | _aA New Directions Classic | |
| 500 | _aParallel title in Chinese characters. | ||
| 700 | 1 |
_aKelly, Jeanne. _914181 |
|
| 700 | 1 |
_aMao, Nathan K. _914182 |
|
| 830 | 0 |
_aNew Directions classics. _914183 |
|
| 856 | 4 | 1 |
_3Table of contents _uhttp://www.loc.gov/catdir/toc/ecip047/2003017221.html |
| 906 |
_a7 _bcbc _corignew _d1 _eecip _f20 _gy-gencatlg |
||
| 942 |
_2ddc _cBK |
||